<?xml version="1.0" encoding="UTF-8"?>
<collection xmlns="http://www.loc.gov/MARC21/slim">
 <record>
  <leader>01579nam a2200205Ia 4500</leader>
  <controlfield tag="001">CTU_68758</controlfield>
  <controlfield tag="008">210402s9999    xx            000 0 und d</controlfield>
  <datafield tag="082" ind1=" " ind2=" ">
   <subfield code="a">346.12408</subfield>
  </datafield>
  <datafield tag="082" ind1=" " ind2=" ">
   <subfield code="b">F497</subfield>
  </datafield>
  <datafield tag="100" ind1=" " ind2=" ">
   <subfield code="a">Finger, J. Michael</subfield>
  </datafield>
  <datafield tag="245" ind1=" " ind2="0">
   <subfield code="a">Kiến thức của người nghèo :</subfield>
  </datafield>
  <datafield tag="245" ind1=" " ind2="0">
   <subfield code="b">Các hoạt động thúc đẩy việc thu lợi từ tài sản trí tuệ ở các nước đang phát triển</subfield>
  </datafield>
  <datafield tag="245" ind1=" " ind2="0">
   <subfield code="c">J. Michael Finger, Philip Schuler ; Nguyễn Viết Công ... [et al.]</subfield>
  </datafield>
  <datafield tag="260" ind1=" " ind2=" ">
   <subfield code="a">Thành phố Hồ Chí Minh</subfield>
  </datafield>
  <datafield tag="260" ind1=" " ind2=" ">
   <subfield code="b">Tổng hợp Thành phố Hồ Chí Minh</subfield>
  </datafield>
  <datafield tag="260" ind1=" " ind2=" ">
   <subfield code="c">2004</subfield>
  </datafield>
  <datafield tag="520" ind1=" " ind2=" ">
   <subfield code="a">Sách nghiên cứu các vấn đề về bảo vệ vốn tri thức cổ truyền nhằm chống lại sự trục lợi của các quốc gia công nghiệp và kiểm soát sự sử dụng bất hợp pháp các nguồn tài nguyên sinh học phục vụ cho lợi ích của các nước công nghiệp, thể hiện ở việc khai thác sự đa dạng sinh học tại nước đang phát triển nhằm phát triển các sản phẩm nông nghiệp, các sản phẩm phục vụ cho mục đích chăm lo sức khỏe cộng đồng....</subfield>
  </datafield>
  <datafield tag="650" ind1=" " ind2=" ">
   <subfield code="a">Intellectual property,Intellectual property (international law),Sở hữu trí tuệ,Sở hữu trí tuệ (luật pháp quốc tế)</subfield>
  </datafield>
  <datafield tag="904" ind1=" " ind2=" ">
   <subfield code="i">Tuyến</subfield>
  </datafield>
  <datafield tag="980" ind1=" " ind2=" ">
   <subfield code="a">Trung tâm Học liệu Trường Đại học Cần Thơ</subfield>
  </datafield>
 </record>
</collection>
